| 000 | 01177nam a2200205 i 4500 | ||
|---|---|---|---|
| 001 | 181840 | ||
| 003 | ES-MaACL | ||
| 005 | 20250919135038.0 | ||
| 008 | 130417s1852 sp |||| | spa d | ||
| 110 | 1 |
_aMadrid. _bJunta Municipal de Beneficencia. _9201398 |
|
| 245 | 1 | 0 | _aTrabajos presentados a la Junta por la Comisión de Gobierno y Administración, en la sesión celebrada el día 5 del presente mes bajo la presidencia del... gobernador civil de la provincia Don Melchor Ordóñez, por los cuales... se acordó un voto de gracias a la Comisión, así como... la publicación de dichos trabajos para conocimiento del público, sin perjuicio de ser examinados por la Comisión de señores vocales nombrada al efecto. |
| 260 |
_aMadrid : _b[s.n.], _c1852 ( _fImp. José María Alonso) |
||
| 300 |
_a54 p. ; _c28 cm. |
||
| 530 | _aDisponible en formato digital. | ||
| 650 | 4 |
_aBeneficencia- _zMadrid. _9150492 |
|
| 700 | 1 |
_aOrdóñez, Melchor, _d1811-1860 _9130676 |
|
| 852 | 4 |
_aES-MaACL _jT-52-F-3 |
|
| 856 | 4 |
_uhttps://bibliotecavirtualmadrid.comunidad.madrid/bvmadrid_publicacion/es/consulta/registro.do?id=4024 _zBiblioteca Digital de Madrid |
|
| 999 |
_c181840 _d181840 |
||